000 00824nam a22002297a 4500
005 20150701142811.0
010 _aBAC-EN21 ENG-111863
020 _a9780143422891 (part-ll)
_c499.00
035 _aEN-95395
035 _aB-580954-966
037 _bAakar/Ven
_adpl
037 _bDBAD/PUB
082 _a954.01
100 _aEraly, Abraham
245 _aThe first spring :
_cby Abraham Eraly
_bculture in the golden age of India /
260 _c2014
_aNew Delhi
_bPenguin Books
270 _a11, Community Centre, Panchsheel Park,
_bNew Delhi
_e110017
300 _c24cm(pbk)
_aPt.2(vi,461p.)
500 _aIncludes bibliographical references and index
942 _cEN
_2ddc
_mERA
_h954.01
999 _c89029
_d89029